| 000 | 01380cam a22003497a 4500 | ||
|---|---|---|---|
| 001 | 13575054 | ||
| 003 | OSt | ||
| 005 | 20240620155820.0 | ||
| 008 | 040427s2004 enka b 001 0 eng d | ||
| 010 |
_a 2004270358 _z 2004300947 |
||
| 020 | _a0521837359 | ||
| 020 | _a0521546206 (pbk.) | ||
| 035 | _a(CStRLIN)CUBGGLAD185226078-B | ||
| 035 | _a(CU)GLAD185226078 | ||
| 040 |
_aMUST LIB _cMUST _dMUST |
||
| 042 | _alccopycat | ||
| 043 | _azs----- | ||
| 050 | 0 | 0 |
_aQB501 _b.I59 2004 |
| 082 | 0 | 0 |
_a523.2 _222 _bINT |
| 245 | 0 | 3 |
_aAn introduction to the solar system / _cedited by Neil McBride and Iain Gilmour ; authors, Philip A. Bland ... [et al.]. |
| 260 |
_aCambridge : _bOpen University : _bCambridge University Press, _c2004. |
||
| 300 |
_avi, 412 p. : _bcol. ill. ; _c26 cm. |
||
| 504 | _aIncludes bibliographical references (p. 401) and index. | ||
| 651 | 0 |
_aSolar system _vTextbooks. _98052 |
|
| 700 | 1 |
_aMcBride, Neil. _917549 |
|
| 700 | 1 |
_aGilmour, Iain. _917550 |
|
| 856 | 4 | 1 |
_3Table of contents _uhttp://www.loc.gov/catdir/toc/cam051/2004270358.html |
| 856 | 4 | 2 |
_3Publisher description _uhttp://www.loc.gov/catdir/description/cam051/2004270358.html |
| 906 |
_a7 _bcbc _ccopycat _d2 _encip _f20 _gy-gencatlg |
||
| 942 |
_2ddc _cO_SHELF |
||
| 999 |
_c8677 _d8677 |
||